Diseño de estructuras de mampostería
সংরক্ষণ করুন:
| প্রধান লেখক: | |
|---|---|
| অন্যান্য লেখক: | |
| বিন্যাস: | গ্রন্থ |
| প্রকাশিত: |
San José, Costa Rica
1993
|
| বিষয়গুলি: | |
| ট্যাগগুলো: |
ট্যাগ যুক্ত করুন
কোনো ট্যাগ নেই, প্রথমজন হিসাবে ট্যাগ করুন!
|
MARC
| LEADER | 00000nam a2200000Ia 4500 | ||
|---|---|---|---|
| 003 | 006049 | ||
| 005 | 20221231144316.0 | ||
| 008 | 140114s1993 cr a m 000 ||s d | ||
| 040 | |c cru CEDI | ||
| 090 | |a TFG 2737 | ||
| 100 | |a González Salas, Dagoberto |9 12069 | ||
| 245 | |a Diseño de estructuras de mampostería | ||
| 260 | |c 1993 |a San José, Costa Rica | ||
| 300 | |a viii, 199 hojas : ilustraciones ; 28 cm. | ||
| 500 | |a Proyecto de graduación (licenciatura en ingeniería civil)--Universidad de Costa Rica. Facultad de Ingeniería. Escuela de Ingeniería Civil | ||
| 650 | |x MAMPOSTERIA |x DISEÑO DE ESTRUCTURAS |9 12071 | ||
| 700 | |9 12070 |a Jiménez Soto, Luis Alberto | ||
| 942 | |c TFG | ||
| 999 | |c 19928 |d 19928 | ||
